Solid liquid separation: Equipment selection and process desing.
Uloženo v:
| Hlavní autoři: | , |
|---|---|
| Médium: | Kniha |
| Jazyk: | angličtina |
| Vydáno: |
Burlington, MA, USA:
Elsevier; Butterworth-Heinemann,
2007.
|
| Vydání: | First edition. |
| Témata: | |
| Tagy: |
Přidat tag
Žádné tagy, Buďte první, kdo vytvoří štítek k tomuto záznamu!
|
MARC
| LEADER | 00000nam a2200000 a 4500 | ||
|---|---|---|---|
| 001 | UCI1033 | ||
| 003 | CL-VaPUC | ||
| 005 | 20240426093715.0 | ||
| 008 | 070615e20070000NE |||||||||||||||||eng|d | ||
| 020 | |a 9781856174213 | ||
| 040 | |c Pontificia Universidad Católica de Valparaíso | ||
| 082 | 0 | 4 | |a 660.2842 TAR 2007 |2 21 |
| 100 | 0 | |a Tartelon E. S |e author |9 521302 | |
| 245 | 1 | 0 | |a Solid liquid separation: |b Equipment selection and process desing. |
| 250 | |a First edition. | ||
| 260 | |a Burlington, MA, USA: |b Elsevier; |b Butterworth-Heinemann, |c 2007. | ||
| 300 | |a xv, 448 páginas. | ||
| 583 | |a last modification |c 20070615 00:00:00 |k Rodrigo Vera | ||
| 650 | |a Separadores (Máquinas) |9 259367 | ||
| 650 | |a Separación (Tecnología) |9 262992 | ||
| 700 | 0 | |a Wakeman, R. J |e author |9 521303 | |
| 942 | |c BK |2 ddc | ||
| 945 | |d 20070615 00:00:00 |a jtorresc | ||
| 999 | |c 325951 |d 325949 | ||
| 952 | |0 0 |1 0 |4 0 |6 660_284200000000000_TAR_2007 |7 0 |8 A |9 407499 |a BIBING |b BIBING |d 2019-11-22 |i 4348729 |l 1 |o 660.2842 TAR 2007 |p 4348729 |r 2025-01-20 |s 2022-07-05 |w 2019-11-22 |y BK |k EIQ | ||
| 952 | |0 0 |1 0 |2 ddc |4 0 |6 660_284200000000000_TAR_2007 |7 0 |8 A |9 594293 |a BIBING |b BIBING |d 2024-04-26 |e 32 |g 282091.00 |i 5660909 |o 660.2842 TAR 2007 |p 5660909 |r 2025-01-20 |t 2 |v 282091.00 |w 2024-04-26 |y BK |k EIQ | ||